| 000 | 00494nam a2200157Ia 4500 | ||
|---|---|---|---|
| 008 | 220214s9999 xx 000 0 und d | ||
| 100 | _aSekhar P.S. | ||
| 245 | 0 | _aAssociation of some insect species on coffee and symptoms expression with observations on the effect of pesticides on plant and animal populations | |
| 260 |
_bIndian Coffee _c1961 |
||
| 300 | _a13-Jan | ||
| 650 | _aAnimal population | ||
| 650 | _aEffect | ||
| 650 | _aPesticides | ||
| 650 | _aPlant population | ||
| 942 | _cRE | ||
| 999 |
_c46241 _d46241 |
||